[Event "FRA-chT Top 12"]
[Site "Haguenau"]
[Date "2013.06.01"]
[Round "3.6"]
[White "Genzling, Alain"]
[Black "Riff, Jean Noel"]
[Result "1/2-1/2"]
[WhiteElo "2401"]
[BlackElo "2458"]
[PlyCount "43"]
[EventDate "2013.05.30"]
[EventType "team-tourn"]
[EventRounds "11"]
[EventCountry "FRA"]
[SourceTitle "CBM 154 Extra"]
[Source "ChessBase"]
[SourceDate "2013.06.25"]
[SourceVersion "2"]
[SourceVersionDate "2013.06.25"]
[SourceQuality "1"]
[WhiteTeam "Vandoeuvre"]
[BlackTeam "Mulhouse Philidor"]
[WhiteTeamCountry "FRA"]
[BlackTeamCountry "FRA"]

1. g3 d5 2. Nf3 Nc6 3. Bg2 e5 4. d3 Be6 5. 0-0 h6 6. c4 dxc4 7. Qa4 Bd6 8. dxc4 Bd7 9. Qc2 Nf6 10. Nc3 0-0 11. a3 a5 12. Rd1 Qc8 13. Nd5 Nxd5 14. cxd5 Ne7 15. b3 f5 16. Bb2 Ng6 17. Nd2 a4 18. Rdc1 axb3 19. Qxb3 b5 20. Bc3 Ra4 21. Bb4 Qa6 22. Rab1 1/2-1/2

[Event "Oberliga Baden 1213"]
[Site "Baden"]
[Date "2013.04.14"]
[Round "9.2"]
[White "Genzling, Alain"]
[Black "Kaenel, Hansjuerg"]
[Result "1/2-1/2"]
[WhiteElo "2399"]
[BlackElo "2336"]
[PlyCount "103"]
[EventDate "2012.10.14"]
[EventType "team-tourn"]
[EventRounds "9"]
[EventCountry "GER"]
[SourceTitle "EXT 2014"]
[Source "ChessBase"]
[SourceDate "2013.11.20"]
[SourceVersion "1"]
[SourceVersionDate "2013.11.20"]
[SourceQuality "1"]
[WhiteTeam "Baden-Baden III"]
[BlackTeam "Dreisamtal"]
[WhiteTeamCountry "GER"]
[BlackTeamCountry "GER"]

1. e4 c5 2. Nf3 e6 3. d4 cxd4 4. Nxd4 Nc6 5. Nc3 Qc7 6. g3 a6 7. Bg2 d6 8. 0-0 Bd7 9. Nxc6 Bxc6 10. Re1 Be7 11. Qg4 h5 12. Qe2 h4 13. a4 hxg3 14. hxg3 b6 15. Bf4 e5 16. Be3 Nf6 17. Nd5 Nxd5 18. exd5 Bd7 19. Ra3 0-0 20. Rc3 Qd8 21. Rb3 b5 22. axb5 axb5 23. c4 bxc4 24. Qxc4 Ra4 25. Qc3 Bf5 26. Rb7 Bg5 27. Qc6 Ra2 28. Bxg5 Qxg5 29. Qxd6 f6 30. Qb4 Rfa8 31. d6 Kh7 32. Qh4+ Qxh4 33. gxh4 Ra1 34. Rxa1 Rxa1+ 35. Kh2 Rd1 36. Rb6 Rd4 37. f3 Rxh4+ 38. Kg3 Rd4 39. Bf1 Kg6 40. b4 Kf7 41. Rb7+ Kg6 42. Rb6 Bd7 43. b5 Kf7 44. Rb7 Rxd6 45. Bh3 Ke8 46. Rb8+ Ke7 47. b6 Bxh3 48. b7 Rb6 49. Rg8 Kf7 50. b8Q Rxb8 51. Rxb8 Bf5 52. Rb7+ 1/2-1/2

[Event "Oberliga Baden 1213"]
[Site "Baden"]
[Date "2013.02.03"]
[Round "6.3"]
[White "Genzling, Alain"]
[Black "Dobosz, Henryk"]
[Result "1/2-1/2"]
[WhiteElo "2399"]
[BlackElo "2388"]
[PlyCount "61"]
[EventDate "2012.10.14"]
[EventType "team-tourn"]
[EventRounds "9"]
[EventCountry "GER"]
[SourceTitle "EXT 2014"]
[Source "ChessBase"]
[SourceDate "2013.11.20"]
[SourceVersion "1"]
[SourceVersionDate "2013.11.20"]
[SourceQuality "1"]
[WhiteTeam "Baden-Baden III"]
[BlackTeam "Buchen"]
[WhiteTeamCountry "GER"]
[BlackTeamCountry "GER"]

1. e4 g6 2. d4 Bg7 3. Nc3 d5 4. Be3 dxe4 5. Nxe4 Nh6 6. c3 Nf5 7. Bf4 Nd7 8. Nf3 0-0 9. h4 Nf6 10. Bd3 Nd6 11. Ng3 Bg4 12. Qb3 Be6 13. Qc2 Bc4 14. h5 Bxd3 15. Qxd3 Qd7 16. hxg6 fxg6 17. Bh6 Qe6+ 18. Qe2 Qxe2+ 19. Kxe2 Bxh6 20. Rxh6 Nf7 21. Rh4 e5 22. Ne4 Nxe4 23. Rxe4 exd4 24. Rxd4 Rae8+ 25. Kf1 Nd6 26. Re1 Rxe1+ 27. Kxe1 Re8+ 28. Kf1 Re7 29. Nd2 Kf7 30. Nc4 Nxc4 31. Rxc4 1/2-1/2

[Event "Oberliga Baden 1213"]
[Site "Baden"]
[Date "2012.11.25"]
[Round "3.3"]
[White "Zuse, Peter"]
[Black "Genzling, Alain"]
[Result "0-1"]
[WhiteElo "2267"]
[BlackElo "2398"]
[PlyCount "92"]
[EventDate "2012.10.14"]
[EventType "team-tourn"]
[EventRounds "9"]
[EventCountry "GER"]
[SourceTitle "EXT 2014"]
[Source "ChessBase"]
[SourceDate "2013.11.20"]
[SourceVersion "1"]
[SourceVersionDate "2013.11.20"]
[SourceQuality "1"]
[WhiteTeam "Kirchheim"]
[BlackTeam "Baden-Baden III"]
[WhiteTeamCountry "GER"]
[BlackTeamCountry "GER"]

1. e4 c5 2. Nf3 g6 3. d4 cxd4 4. Nxd4 Nc6 5. Ne2 Nf6 6. Nbc3 Bg7 7. g3 b5 8. Bg2 Rb8 9. 0-0 b4 10. Nd5 Nxd5 11. exd5 Ne5 12. a3 bxa3 13. Rxa3 Nc4 14. Rxa7 Qb6 15. Ra4 Nxb2 16. Bxb2 Qxb2 17. c4 0-0 18. c5 Qb5 19. Qc2 d6 20. cxd6 Bf5 21. Be4 Rfc8 22. Qa2 Bxe4 23. Rxe4 exd6 24. Rd1 Ra8 25. Qd2 Qb3 26. Rb4 Qa2 27. Qxa2 Rxa2 28. Kf1 Be5 29. Rb6 Rcc2 30. Re1 g5 31. f4 gxf4 32. gxf4 Bf6 33. Rb8+ Kg7 34. Re8 Rd2 35. Rb1 Rxd5 36. Rb3 Bh4 37. Rh3 Rd1+ 38. Kg2 Be1 39. Rb3 Bh4 40. Kf3 h5 41. Rbb8 Rf1+ 42. Ke3 Bf2+ 43. Kd3 Rd1+ 44. Kc3 h4 45. Kb3 Rdd2 46. Nc3 Rab2+ 0-1

[Event "Biel MTO op 45th"]
[Site "Biel"]
[Date "2012.07.31"]
[Round "8"]
[White "Adhiban, Baskaran"]
[Black "Genzling, Alain"]
[Result "1-0"]
[WhiteElo "2553"]
[BlackElo "2408"]
[PlyCount "67"]
[EventDate "2012.07.23"]
[EventType "swiss"]
[EventRounds "11"]
[EventCountry "SUI"]
[SourceTitle "CBM 149 Extra"]
[Source "ChessBase"]
[SourceDate "2012.08.24"]
[SourceVersion "1"]
[SourceVersionDate "2012.08.24"]
[SourceQuality "1"]

1. d4 Nf6 2. c4 e6 3. g3 Bb4+ 4. Bd2 Qe7 5. Nf3 Nc6 6. Bg2 Bxd2+ 7. Nbxd2 0-0 8. 0-0 d6 9. e4 e5 10. d5 Nb8 11. b4 a5 12. a3 Na6 13. Ne1 c6 14. dxc6 bxc6 15. Nd3 Bg4 16. f3 Be6 17. Qe2 Qa7+ 18. Qf2 Nd7 19. f4 f6 20. Rfc1 Qxf2+ 21. Kxf2 Rfb8 22. Ke3 axb4 23. axb4 c5 24. b5 Nc7 25. Nb2 Nb6 26. Bf1 g6 27. Bd3 Bf7 28. Nd1 Ne6 29. Nc3 Nd4 30. Ra6 Rxa6 31. bxa6 Ra8 32. Ra1 Nxc4+ 33. Nxc4 Bxc4 34. Bxc4+ 1-0